000 00834cam a2200277 i 4500
001 768714001
003 CO-MdBIC
005 20231130111519.0
008 231130t1985 sp ||||| |||| 00| 0 spa d
020 _a84-293-0713-3
040 _bspa.
_aCO-MdFUSB
_cCO-MdFUSB
_dCO-MdFUSBC
_erda
041 _aspa
082 0 4 _aG 231.32 F359e
100 1 _aFermet, André
245 1 0 _aEl Espíritu Santo es nuestra vida / André Fermet ; Felipe Pardo, Traductor
_c/
264 1 _aSantander, España : Sal Terrae
_bSal Terrae,
_c[1985]
264 4 _c©1985
300 _a178 Pag
_c;
336 _atexto
_btxt
_2rdacontent
337 _2rdamedia
_asin mediación
_bn
338 _2rdacarrier
_avolumen
_bnc
500 _aTítulo original : L'Espirit est notre vie
650 1 0 _aEspíritu Santo
_950
942 _cBK
945 _ajohan1477
999 _c34493
_d34493